| 000 | 00464nam a2200181Ia 4500 | ||
|---|---|---|---|
| 001 | 449 | ||
| 005 | 20260306140518.0 | ||
| 008 | 260306t2021||||xx |||||||||||||| ||spa|| | ||
| 041 | _aESP | ||
| 082 |
_a120 _bP75 V. 27 |
||
| 100 |
_aPolo, Leonardo, _eAUT |
||
| 245 | 0 |
_aEpistemología, creación y divinidad : _bobras completas de Leonardo Polo |
|
| 260 | _c2021 | ||
| 300 |
_a327 páginas : _c24 cm. |
||
| 650 | _aGEN | ||
| 654 | _aCHU | ||
| 942 |
_cLIB _dJUS _fJUS _2ddc _n |
||
| 999 |
_c449 _d449 |
||